000 00835nam a2200217Ia 4500
001 17981
005 20260323111254.0
008 260306s9999||||xx |||||||||||||| ||und||
041 _aESP
082 _a658.3
_bS753 2020
100 _aSnell, Scott A.
_eAUT
245 0 _aAdministración de recursos humanos
260 _c2020
300 _axxvi, 576 páginas :
_c27 cm.
650 _aGEN
654 _aCAN
856 _uhttps://itmsp.museknowledge.com/UCSP?url=https://www.ebooks7-24.com:443/?il=10763&pg=1
_zVersión digital
856 _uhttps://0u213totm-y-https-ebooks7--24-com.itmsp.museknowledge.com/biblioteca.aspx
_zVéase además: Base de datos Ebook7-24
856 _uhttps://0u20ytote-y-https-www-bibliotechnia-com-mx.itmsp.museknowledge.com/
_zVéase además: Base de datos BiblioTechnia
942 _cLIB
_dJUS
_fJUS
_2ddc
999 _c17981
_d17981